Ekologické plasty na báze biodegradovateľných polymérov z obnoviteľných zdrojov

Saved in:
Bibliographic Details
Main Author: Hlaváčiková, Slávka (Author)
Other Authors: Plavec, Roderik (Thesis advisor)
Format: Manuscript Book
Language:Slovak
Published: 2025
Subjects:
Online Access:http://is.stuba.sk/zp/portal_zp.pl?podrobnosti=172502
Tags: Add Tag
No Tags, Be the first to tag this record!

MARC

LEADER 00000ntm a22000003a 4500
001 stuzp87090
003 SK-STU
005 20250823210403.0
007 ta
008 150427s2015----xo-----f-mn---000-0-slo-d
040 |a STU  |b slo 
041 0 |a slo 
100 1 |a Hlaváčiková, Slávka  |u 049370  |k Z3  |4 aut  |U FCHPT Ústav prírodných a syntetických polymérov  |T FCHPT Oddelenie plastov, kaučuku a vlákien  |X 76570  |U C9370  |Y 128  |7 76570 
242 0 1 |a Ecological Plastics Based on Biodegradable Polymers from Renewable Sources.  |y eng 
245 1 0 |a Ekologické plasty na báze biodegradovateľných polymérov z obnoviteľných zdrojov 
260 |c 2025 
650 4 |a biodegradácia  |2 slo 
650 4 |a biopolyméry  |2 slo 
650 4 |a kyselina polymliečna  |2 slo 
650 4 |a polyhydroxybutyrát  |2 slo 
650 4 |a udržateľnosť  |2 slo 
650 4 |a materiálová recyklácia  |2 slo 
650 4 |a biodegradation  |2 eng 
650 4 |a biopolymers  |2 eng 
650 4 |a polylactic acid  |2 eng 
650 4 |a polyhydroxybutyrate  |2 eng 
650 4 |a sustainability  |2 eng 
650 4 |a material recycling  |2 eng 
700 1 |a Plavec, Roderik  |u 049370  |k Z2  |4 ths  |U FCHPT Ústav prírodných a syntetických polymérov  |T FCHPT Oddelenie plastov, kaučuku a vlákien  |X 26421  |U C9370  |Y 128  |7 A000026421 
856 4 |u http://is.stuba.sk/zp/portal_zp.pl?podrobnosti=172502